[Event "Nordic-ch U13"]
[Site "Fredericia"]
[Date "2020.02.16"]
[Round "6"]
[White "Hakkinen, Aleksandr"]
[Black "Hald Falkesgaard, Jeppe"]
[Result "0-1"]
[WhiteElo "1572"]
[BlackElo "1936"]
[PlyCount "72"]
[EventDate "2020.02.14"]
[EventType "swiss"]
[EventRounds "6"]
[EventCountry "DEN"]
[SourceTitle "EXT 2021"]
[Source "ChessBase"]
[SourceDate "2020.10.23"]
[SourceVersion "1"]
[SourceVersionDate "2020.10.23"]
[SourceQuality "1"]

1. d4 Nf6 2. Bf4 g6 3. Nc3 d5 4. e3 Bg7 5. Nf3 0-0 6. Be2 c5 7. h4 Nc6 8. Ne5 h6 9. g4 cxd4 10. exd4 Nd7 11. Nxc6 bxc6 12. Be3 Rb8 13. Rb1 Qa5 14. Kf1 Ba6 15. Qd2 Bxe2+ 16. Kxe2 Kh7 17. f4 Rfd8 18. h5 c5 19. g5 Qa6+ 20. Kf2 cxd4 21. Bxd4 e5 22. fxe5 Qe6 23. Qf4 Rb4 24. Rbe1 Rxb2 25. Re2 Rb4 26. Qd2 Qg4 27. hxg6+ fxg6 28. Ne4 Qf5+ 29. Ke1 Rb1+ 30. Qd1 Rxd1+ 31. Kxd1 dxe4 32. gxh6 Bxe5 33. Bxe5 Nxe5+ 34. Kc1 Qf3 35. Rhe1 Qa3+ 36. Kb1 Rb8+ 0-1

[Event "Nordic-ch U13"]
[Site "Fredericia"]
[Date "2020.02.16"]
[Round "4"]
[White "Hakkinen, Aleksandr"]
[Black "Religa, Marek"]
[Result "0-1"]
[WhiteElo "1572"]
[BlackElo "1471"]
[PlyCount "174"]
[EventDate "2020.02.14"]
[EventType "swiss"]
[EventRounds "6"]
[EventCountry "DEN"]
[SourceTitle "EXT 2021"]
[Source "ChessBase"]
[SourceDate "2020.10.23"]
[SourceVersion "1"]
[SourceVersionDate "2020.10.23"]
[SourceQuality "1"]

1. d4 g6 2. Bf4 d6 3. Nf3 Nd7 4. e4 Bg7 5. c3 Rb8 6. h4 h6 7. e5 b5 8. Qc2 Bb7 9. e6 Nf8 10. Bxb5+ c6 11. exf7+ Kxf7 12. Bc4+ Ke8 13. Bd3 Kf7 14. Nbd2 Qb6 15. g4 Ba6 16. Bxa6 Qxa6 17. g5 Ne6 18. Be3 hxg5 19. Nxg5+ Nxg5 20. Bxg5 Bf6 21. Rg1 Bxg5 22. Rxg5 Rh6 23. a3 Rb5 24. Ne4 Rxg5 25. Nxg5+ Kg7 26. Nf3 Qc4 27. 0-0-0 Nf6 28. Re1 Qf7 29. Ng5 Qe8 30. Qe2 Ng8 31. Ne6+ Kh8 32. Qg4 Qf7 33. f4 Qf5 34. Qxf5 gxf5 35. Rh1 Rxe6 36. h5 Kh7 37. Rg1 Re4 38. Rf1 Re2 39. a4 Nf6 40. h6 Kxh6 41. b4 Ra2 42. Kb1 Rxa4 43. Kb2 Ne4 44. Rh1+ Kg6 45. Rh8 Ra6 46. Re8 Kf6 47. Rf8+ Ke6 48. Ra8 Nf6 49. Rh8 Rb6 50. Kc2 Ra6 51. Kb2 Kd5 52. Rf8 Rb6 53. Kc2 Rb7 54. Kd3 c5 55. c4+ Kc6 56. b5+ Kc7 57. d5 Rb8 58. Rf7 Kd7 59. Rg7 Rg8 60. Rg5 Rxg5 61. fxg5 Nh5 62. Ke3 e6 63. dxe6+ Kxe6 64. Kf3 Ke5 65. Ke3 f4+ 66. Kf3 Kf5 67. g6 Kxg6 68. Ke4 Kf6 69. Kd5 f3 70. Kxd6 f2 71. Kxc5 f1Q 72. Kd5 Qd3+ 73. Kc5 Nf4 74. Kb4 Ne6 75. c5 Nd4 76. c6 Qxb5+ 77. Kc3 Qxc6+ 78. Kd3 Qc2+ 79. Ke3 a5 80. Kf4 a4 81. Ke3 a3 82. Kf4 a2 83. Kg3 a1R 84. Kf4 Qe2 85. Kg3 Qf3+ 86. Kh2 Ra2+ 87. Kg1 Qd1# 0-1

[Event "FIN-ch rapid"]
[Site "Helsinki"]
[Date "2019.08.24"]
[Round "5"]
[White "Hakkinen, Aleksandr"]
[Black "Hamina, Martti"]
[Result "1/2-1/2"]
[WhiteElo "1609"]
[BlackElo "1702"]
[PlyCount "62"]
[EventDate "2019.08.24"]
[EventType "swiss (rapid)"]
[EventRounds "9"]
[EventCountry "FIN"]
[SourceTitle "EXT 2020"]
[Source "ChessBase"]
[SourceDate "2019.10.17"]
[SourceVersion "1"]
[SourceVersionDate "2019.10.17"]
[SourceQuality "1"]

1. d4 Nf6 2. Nf3 g6 3. Bf4 Bg7 4. e3 d6 5. c3 Nbd7 6. Bd3 c6 7. Nbd2 b5 8. a4 bxa4 9. Qxa4 Qc7 10. Nc4 Nb6 11. Nxb6 Qxb6 12. b4 0-0 13. 0-0 Bd7 14. Qa5 Qxa5 15. Rxa5 Nd5 16. Rc1 Rfe8 17. Bg3 e5 18. e4 Nf4 19. Bxf4 exf4 20. Rca1 c5 21. bxc5 dxc5 22. Rxa7 Rxa7 23. Rxa7 Bg4 24. dxc5 Bxc3 25. c6 Rc8 26. c7 Bxf3 27. gxf3 Be5 28. Ra5 f6 29. Bc4+ Kg7 30. Rc5 Rxc7 31. Rxc7+ Bxc7 1/2-1/2

[Event "FIN-ch rapid"]
[Site "Helsinki"]
[Date "2019.08.24"]
[Round "7"]
[White "Hakkinen, Aleksandr"]
[Black "Linnossuo, Lauri"]
[Result "1-0"]
[WhiteElo "1609"]
[BlackElo "1645"]
[PlyCount "97"]
[EventDate "2019.08.24"]
[EventType "swiss (rapid)"]
[EventRounds "9"]
[EventCountry "FIN"]
[SourceTitle "EXT 2020"]
[Source "ChessBase"]
[SourceDate "2019.10.17"]
[SourceVersion "1"]
[SourceVersionDate "2019.10.17"]
[SourceQuality "1"]

1. d4 d5 2. Bf4 Bf5 3. e3 e6 4. Nf3 Bd6 5. Bg3 Nf6 6. c3 0-0 7. Bd3 Ne4 8. Qc2 Nd7 9. Nbd2 g6 10. Nxe4 dxe4 11. Bxe4 Re8 12. Bxf5 exf5 13. Bxd6 cxd6 14. 0-0 Rc8 15. Qb3 Nb6 16. Rfe1 d5 17. Ne5 Qd6 18. a4 Rc7 19. a5 Nc4 20. Nxc4 dxc4 21. Qb5 Re4 22. Qa4 Rh4 23. Qe8+ Kg7 24. h3 Re4 25. Qa4 f4 26. exf4 Rxf4 27. Re5 Qf6 28. Qc2 Re7 29. Rae1 Rxe5 30. Rxe5 Qd6 31. Qe2 Rf6 32. Qxc4 b6 33. axb6 Qxb6 34. Qb5 Qd8 35. Qa5 Rb6 36. Rb5 Qe7 37. Kf1 Re6 38. Re5 a6 39. Rxe6 Qxe6 40. Qe5+ Qxe5 41. dxe5 Kf8 42. Ke2 Ke7 43. Ke3 Ke6 44. f4 f6 45. Ke4 f5+ 46. Kd4 h5 47. h4 Kd7 48. Kd5 Ke7 49. e6 1-0

[Event "FIN-ch rapid"]
[Site "Helsinki"]
[Date "2019.08.24"]
[Round "6"]
[White "Korjus, Marko"]
[Black "Hakkinen, Aleksandr"]
[Result "1-0"]
[WhiteElo "1771"]
[BlackElo "1609"]
[PlyCount "61"]
[EventDate "2019.08.24"]
[EventType "swiss (rapid)"]
[EventRounds "9"]
[EventCountry "FIN"]
[SourceTitle "EXT 2020"]
[Source "ChessBase"]
[SourceDate "2019.10.17"]
[SourceVersion "1"]
[SourceVersionDate "2019.10.17"]
[SourceQuality "1"]

1. d4 d5 2. c4 c6 3. Nc3 Nf6 4. Nf3 Bf5 5. Bf4 e6 6. a3 Bd6 7. e3 Bxf4 8. exf4 Qc7 9. Ne5 Nbd7 10. cxd5 exd5 11. Bd3 Bxd3 12. Qxd3 Nxe5 13. fxe5 Nd7 14. 0-0 0-0 15. f4 Rfe8 16. Rae1 c5 17. Nxd5 Qc6 18. Nc3 cxd4 19. Qxd4 Red8 20. Rd1 Nf8 21. Qe3 Ne6 22. f5 Nc5 23. b4 Nd7 24. Rd6 Qc7 25. Nb5 Qc4 26. Nd4 Nf8 27. Rc1 Qa2 28. f6 Rxd6 29. exd6 Qd5 30. fxg7 Kxg7 31. Rc5 1-0

[Event "FIN-ch rapid"]
[Site "Helsinki"]
[Date "2019.08.24"]
[Round "8"]
[White "Virtanen, Esko"]
[Black "Hakkinen, Aleksandr"]
[Result "1/2-1/2"]
[WhiteElo "1771"]
[BlackElo "1609"]
[PlyCount "63"]
[EventDate "2019.08.24"]
[EventType "swiss (rapid)"]
[EventRounds "9"]
[EventCountry "FIN"]
[SourceTitle "EXT 2020"]
[Source "ChessBase"]
[SourceDate "2019.10.17"]
[SourceVersion "1"]
[SourceVersionDate "2019.10.17"]
[SourceQuality "1"]

1. Nf3 d5 2. d4 Nf6 3. c4 c6 4. Nc3 Bf5 5. Bf4 e6 6. e3 Bd6 7. Bxd6 Qxd6 8. c5 Qe7 9. Bd3 Bg6 10. Bxg6 hxg6 11. 0-0 Nbd7 12. b4 Ne4 13. Rc1 f5 14. Qa4 a6 15. b5 Nxc3 16. Rxc3 cxb5 17. Qa5 g5 18. Qc7 g4 19. Ne5 Nxe5 20. Qxe5 Qf6 21. Qc7 Qe7 22. Qe5 Kf7 23. c6 Rac8 24. Rfc1 bxc6 25. Rxc6 Rxc6 26. Rxc6 Rd8 27. Rxa6 Rc8 28. g3 Qd7 29. Rd6 Qe7 30. Rb6 Qd7 31. Kg2 Qe7 32. Rd6 1/2-1/2

[Event "EU Union-ch U12 17th"]
[Site "Mureck"]
[Date "2019.08.02"]
[Round "3"]
[White "Chung, Ethan Cheung Jing"]
[Black "Hakkinen, Aleksandr"]
[Result "1-0"]
[WhiteElo "1572"]
[BlackElo "1609"]
[PlyCount "77"]
[EventDate "2019.07.31"]
[EventType "swiss"]
[EventRounds "9"]
[EventCountry "AUT"]
[SourceTitle "EXT 2020"]
[Source "ChessBase"]
[SourceDate "2019.10.17"]
[SourceVersion "1"]
[SourceVersionDate "2019.10.17"]
[SourceQuality "1"]

1. e4 e5 2. Nf3 Nf6 3. Nxe5 d6 4. Nf3 Nxe4 5. d4 d5 6. Bd3 Nc6 7. 0-0 Be7 8. Re1 f5 9. Ne5 Nxe5 10. dxe5 Bc5 11. Bxe4 fxe4 12. Nc3 0-0 13. Rf1 c6 14. Be3 Bxe3 15. fxe3 Rxf1+ 16. Qxf1 Qb6 17. Qf4 Qxb2 18. Rf1 Be6 19. Ne2 Qb6 20. Nd4 c5 21. Nf5 Qc7 22. h3 Re8 23. Qg5 Bxf5 24. Rxf5 Re6 25. Qf4 Qe7 26. c4 dxc4 27. Qxe4 c3 28. Qc4 Kh8 29. Qxc3 b6 30. Rf4 Kg8 31. Re4 Qb7 32. Qd3 Qe7 33. Qc3 Qb7 34. Qc4 Qd7 35. Rf4 Qe7 36. Qd5 Qe8 37. Rg4 Kh8 38. Rf4 Rxe5 39. Qxe5 1-0

[Event "Helsinki HSL Easter op"]
[Site "Helsinki"]
[Date "2019.04.19"]
[Round "1"]
[White "Lauronen, Timo"]
[Black "Hakkinen, Aleksandr"]
[Result "1-0"]
[WhiteElo "2061"]
[BlackElo "1469"]
[PlyCount "97"]
[EventDate "2019.04.19"]
[EventType "swiss"]
[EventRounds "6"]
[EventCountry "FIN"]
[SourceTitle "CBM 195 Extra"]
[Source "ChessBase"]
[SourceDate "2020.05.31"]
[SourceVersion "1"]
[SourceVersionDate "2020.05.31"]
[SourceQuality "1"]

1. Nf3 d5 2. c4 Nf6 3. g3 e6 4. Bg2 c6 5. 0-0 Bd6 6. d4 0-0 7. Nc3 Nbd7 8. Qc2 b6 9. e4 dxe4 10. Nxe4 Qc7 11. Nxd6 Qxd6 12. Bf4 Qe7 13. Ne5 Nxe5 14. dxe5 Nh5 15. Bxc6 Bb7 16. Qe4 Bxc6 17. Qxc6 Nxf4 18. gxf4 Qh4 19. Qf3 Rac8 20. b3 f6 21. Qg3 Qh5 22. f3 fxe5 23. fxe5 Rf5 24. f4 Kh8 25. Qf3 Qh4 26. Rad1 Rcf8 27. Qg3 Qh6 28. Kg2 Rg8 29. h4 Qh5 30. Rd6 Qf7 31. Rf3 Rf8 32. Rd4 h6 33. Qg4 g5 34. hxg5 hxg5 35. Rh3+ Kg8 36. Rh5 Rxf4 37. Rxf4 Qxf4 38. Rxg5+ Qxg5 39. Qxg5+ Kf7 40. Qf6+ Ke8 41. Qxe6+ Kd8 42. Qd6+ Ke8 43. e6 Rg8+ 44. Kf3 Rg7 45. Ke4 Rg4+ 46. Kf5 Rg7 47. Kf6 Rb7 48. Qc6+ Kd8 49. Qxb7 1-0